| 000 -ლიდერი |
| ფიქსირებული სიგრძის საკონტროლო ველი |
01842nam a2200313Ia 4500 |
| 001 - საკონტროლო ნომერი |
| საკონტროლო ველი |
18365 |
| 003 - საკონტროლო ნომრის იდენტიფიკატორი |
| საკონტროლო ველი |
GE_BSU |
| 005 - ბოლო ოპერაციის თარიღი და დრო |
| საკონტროლო ველი |
20220519114523.0 |
| 008 - ფიქსირებული სიგრძის მონაცემთა ელემენტები - ზოგადი ინფორმაცია |
| ფიქსირებული სიგრძის საკონტროლო ველი |
181216s2010||||ge |||||||||||||| ||geo|| |
| 020 ## - წიგნის საერთაშორისო სტანდარტული ნომერი |
| International Standard Book Number |
9789941027659 |
| 040 ## - კატალოგიზაციის წყარო |
| Transcribing agency |
GE_BSU |
| 041 ## - ენის კოდი |
| Language code of text/sound track or separate title |
geo |
| 080 ## - უნივერსალური ათობითი კლასიფიკაციის ინდექსი |
| Universal Decimal Classification number |
316.77 ს-94 |
| 100 ## - მთავარი ჩანაწერი - პიროვნების სახელი |
| Personal name |
სუმბაძე, ნანა |
| 9 (RLIN) |
13773 |
| 245 ## - ცნობა სათაურის შესახებ |
| Title |
ინტერპერსონალური კომუნიკაცია : |
| Remainder of title |
მომსახურების სფერო / |
| Statement of responsibility, etc |
[ავტ.: ნანა სუმბაძე, თამარ მახარაძე ; პ/მგ რედ. ანასტასია ქიტიაშვილი ; ილ. მაია სუმბაძე ; ეროვნ. სასწ. გეგმებისა და შეფასების ცენტრი]. |
| 264 ## - წარმოების, გამოცემის, დისტრიბუციის და სხვა ცნობები |
| გამოცემის, წარმოების, დისტრიბუციის... ადგილი |
თბილისი, |
| გამოცემის, წარმოების, დისტრიბუციის... თარიღი |
2010. |
| 300 ## - ფიზიკური აღწერა |
| Extent |
122 გვ.: |
| Other physical details |
ილ.; |
| Dimensions |
24 სმ. |
| 500 ## - ზოგადი შენიშვნა |
| General note |
თავფურ. და გარეკანზე ავტ. მითით. არ არიან. |
| 501 ## - შენიშვნა თანმხლებ მასალაზე |
| With note |
ტერმინთა განმარტება: გვ. 119-120. |
| 504 ## - BIBLIOGRAPHY, ETC. NOTE |
| Bibliography, etc |
ბიბლიოგრ.: გვ. 121-122. |
| 653 ## - INDEX TERM--UNCONTROLLED |
| Uncontrolled term |
ინტერპერსონალური კომუნიკაცია |
| 653 ## - INDEX TERM--UNCONTROLLED |
| Uncontrolled term |
მომსახურების სფერო |
| 700 ## - ADDED ENTRY--PERSONAL NAME |
| Personal name |
მახარაძე, თამარ |
| Relator term |
ავტორი |
| 9 (RLIN) |
13774 |
| 700 ## - ADDED ENTRY--PERSONAL NAME |
| Personal name |
ქიტიაშვილი, ანასტასია |
| Relator term |
რედაქტორი |
| 9 (RLIN) |
2706 |
| 700 ## - ADDED ENTRY--PERSONAL NAME |
| Personal name |
სუმბაძე, მაია |
| Relator term |
ილუსტრატორი |
| 9 (RLIN) |
13775 |
| 710 ## - ADDED ENTRY--CORPORATE NAME |
| Corporate name or jurisdiction name as entry element |
ეროვნ. სასწ. გეგმებისა და შეფასების ცენტრი |
| 9 (RLIN) |
13776 |
| 942 ## - ADDED ENTRY ELEMENTS (KOHA) |
| Koha item type |
წიგნი |
| Source of classification or shelving scheme |
|